000 00798cam a22002773a 4500
001 5683
003 PGUSA
005 20140828083123.0
008 040501s2004||||xxu|||||s|||||000 | eng d
040 _aPGUSA
_beng
042 _adc
050 4 _aB
100 1 _aKant, Immanuel,
_d1724-1804
245 1 4 _aThe Critique of Practical Reason
_h[electronic resource] /
_cImmanuel Kant
260 _bProject Gutenberg,
_c2004
506 _aPublic domain in the USA.
516 _aElectronic text
653 _aPhilosophy, German
653 _aPractical reason
653 _aEthics
700 1 _aAbbott, Thomas Kingsmill,
_d1829-1913
740 0 _aKritik der praktischen Vernunft. English
830 0 _aProject Gutenberg
_v5683
856 4 0 _uhttp://www.gutenberg.org/ebooks/5683
942 _cEB
999 _c235011
_d235011